| 000 | 00968nam a2200241 i 4500 | ||
|---|---|---|---|
| 003 | EG-ScBUE | ||
| 005 | 20231024101110.0 | ||
| 008 | 100426s1977 u a f 000 0bara d | ||
| 040 |
_aEG-ScBUE _bara _erda _cEG-ScBUE _dEG-ScBUE |
||
| 043 | _af-ua--- | ||
| 082 | 0 | 4 |
_222 _a923.162 _bد ا ر |
| 110 | 2 |
_aدار الهلال (القاهرة، مصر) _eمؤلف. |
|
| 245 | 1 | 2 |
_aالسادات : _bمن القرية إلى الثورة / _cإشراف أمينة السعيد. |
| 264 | 1 |
_a[القاهرة] : _bدار الهلال، _c[1977] |
|
| 300 |
_a465 صفحة : _bإيضاحيات ؛ _c20 سم |
||
| 336 |
_2rdacontent _aنص _btxt |
||
| 337 |
_2rdamedia _aبدون وسيط _bn |
||
| 338 |
_2rdacarrier _aمجلد _bnc |
||
| 600 | 1 | 7 |
_aالسادات، أنور، _d1918-1981. _2BUEsh |
| 651 | 7 |
_2BUEsh _aمصر _xتاريخ _yالعصر الحديث _yأنور السادات (1970-1981). |
|
| 700 | 1 |
_aسعيد، أمينة، _eمشرف. |
|
| 942 |
_2ddc _cBB |
||
| 999 |
_c13935 _d13935 |
||